Lessons from a fast - paced public project (Record no. 16208)

000 -LEADER
fixed length control field 00458pab a2200157 454500
008 - FIXED-LENGTH DATA ELEMENTS--GENERAL INFORMATION
fixed length control field 180718b1983 xxu||||| |||| 00| 0 eng d
100 ## - MAIN ENTRY--PERSONAL NAME
Personal name Golembiewski, Robert T.
245 ## - TITLE STATEMENT
Title Lessons from a fast - paced public project
Remainder of title Perspectives on doing better the next time around
260 ## - PUBLICATION, DISTRIBUTION, ETC.
Date of publication, distribution, etc. 1983
300 ## - PHYSICAL DESCRIPTION
Extent 547-56
362 ## - DATES OF PUBLICATION AND/OR SEQUENTIAL DESIGNATION
Dates of publication and/or sequential designation Nov.-Dec.
650 ## - SUBJECT ADDED ENTRY--TOPICAL TERM
Topical term or geographic name entry element Project Management
700 ## - ADDED ENTRY--PERSONAL NAME
Personal name Alan Kiepper
773 ## - HOST ITEM ENTRY
Main entry heading Public Administration Review
909 ## -
-- 16208
Holdings
Withdrawn status Lost status Damaged status Not for loan Permanent Location Current Location Date acquired Serial Enumeration / chronology Barcode Date last seen Price effective from Koha item type
        Indian Institute of Public Administration Indian Institute of Public Administration 2018-07-19 Volume no: 43, Issue no: 6 AR16265 2018-07-19 2018-07-19 Articles

Powered by Koha